000 00456nam a2200169 a 4500
001 000025105
005 20200930023552.0
008 090626s2006 dr 001 0 spa d
020 _a9945068121
040 _aDO-SdBNP
_bspa
_cBNPHU
082 _axxxxx
100 1 _aLópez Larache, José
_d155-
_951496
245 1 0 _aOblivion /
_cJosé López Larache.
260 _aSanto Domingo :
_bEditorial Búho,
_c2006.
300 _a33 p. ;
_c20 cm.
049 _aBNPD
999 _c24598
_d24598